000
00294nam a22001217a 4500
008
171226b xxu||||| |||| 00| 0 eng d
041
_a
eng
080
_a
610.73
100
_a
2
101
_a
INF
245
_a
BASIC LIFE SUPPORT FOR HEALTHCARE PROVIDERS
_c
CHANDRA,N,C
942
_2
udc
_c
BK
999
_c
39371
_d
39371